00489nam a2200217Ia 450000500170000000800460001702000180006303700100008104000080009104000080009904000080010704100080011504100080012308400080013110000130013924500180015226000310017026000090020165000160021085600450022620260306154532.0008 260114s9999 xx 000 0 eng d a9780511752186 aEBOOK aCRL beng cCRL 2eng aeng qCRL aCockburn 0aHuman Beings  bCambridge University Press c2015 a Philosophy uhttps://doi.org/10.1017/CBO9780511752186